| 000 | 00603nam a22001937a 4500 | ||
|---|---|---|---|
| 005 | 20251108172946.0 | ||
| 008 | 250721s9999 xx 000 0 ara d | ||
| 082 | 1 | 4 | _a581.89565/نبا |
| 100 | 1 | _aكريم، فوزي محمد | |
| 245 | 1 | 0 | _aالنباتات السامة في الأردن / |
| 264 | 1 |
_aاربد : _bمتحف التاريخ الطبيعي الأردني ، جامعة اليرموك، |
|
| 300 | _a160 ص | ||
| 650 | 1 | 7 | _aالنباتات |
| 650 | 1 | 7 | _aالسموم |
| 650 | 1 | 7 | _aالأردن |
| 700 | 1 | _aالعقله، أحمد علي | |
| 942 |
_2ddc _cBK |
||
| 999 |
_c92805 _d92805 |
||